000 00314nam a22001457a 4500
008 170202b xxu||||| |||| 00| 0 eng d
020 _a0915473755
041 _aeng
080 _a61
082 _24ED
100 _a3
101 _aSHM
245 _aPATIENT MENAGMENT I THE OFFICE
_cHARTMAN.D.H
942 _2udc
_cBK
999 _c4301
_d4301